| 000 | 00443nam a2200145 i 4500 | ||
|---|---|---|---|
| 001 | 72536 | ||
| 003 | ES-MaACL | ||
| 007 | t| | ||
| 008 | 040901s1945 it ||||1| ita d | ||
| 100 | 1 |
_aGiua, Michele. _957352 |
|
| 245 | 1 | 0 |
_aStoria delle scienze et epistemologia _b: Galilei, Boyle, Planch / _cMichele Giua. |
| 260 |
_aTorino : _bChiantore, _c1945 ( _fVicenzo Bona) |
||
| 300 |
_aVIII, 297 p. ; _c23 cm. |
||
| 852 |
_aES-MaACL _jE-2093 _bR.23141 |
||
| 999 |
_c72536 _d72536 |
||